| 000 | 00382nam a2200157Ia 4500 | ||
|---|---|---|---|
| 008 | 190328s9999||||xx |||||||||||||| ||und|| | ||
| 020 | _a9788125916512 | ||
| 082 |
_a330 _bDWI/P |
||
| 100 | _aDwivedi, D. N. | ||
| 245 | 0 | _aPrinciples of ECONOMICS | |
| 250 | _a2nd | ||
| 260 |
_aNoida _bVikas Publishing House Pvt. Ltd. _c2018 |
||
| 300 | _a625 | ||
| 650 | _aEconomics | ||
| 942 | _cBK | ||
| 999 |
_c5493 _d5493 |
||